000
003610000a22001690004500
005
20120302053836.0
942
_c
BOOK
100
_a
Lee,Vernon
245
_a
Handling of words
260
_a
The Bodley Head Ltd,1968
300
_a
315p
040
_a
ENG
365
_b
Rs.
650
_a
Language
650
_a
English Language
650
_a
Handline-Words
999
_c
343970
_d
343967